تاريخ فلاسفه الاسلام # # tarikh falasifih alaislam / (Record no. 80431)
[ view plain ]
| 000 -LEADER | |
|---|---|
| fixed length control field | 00831naa a2200217 a 4500 |
| 001 - CONTROL NUMBER | |
| control field | 80431 |
| 003 - CONTROL NUMBER IDENTIFIER | |
| rucl marc code | BD-RjUL |
| 005 - DATE AND TIME OF LATEST TRANSACTION | |
| control field | 20221031140902.0 |
| 008 - FIXED-LENGTH DATA ELEMENTS--GENERAL INFORMATION | |
| fixed length control field | 220926s1941 pk ||||| |||| 00| 0 urd d |
| 035 ## - SYSTEM CONTROL NUMBER | |
| System control number | (BD-RjUL)80431 |
| 040 ## - CATALOGING SOURCE | |
| Original cataloging agency | BD-RjUL |
| Language of cataloging | eng |
| Transcribing agency | BD-RjUL |
| 041 ## - LANGUAGE CODE | |
| Language code of text/sound track or separate title | urd |
| 082 ## - DEWEY DECIMAL CLASSIFICATION NUMBER | |
| Edition number | 23 |
| Classification number | 181.092 |
| Author mark and year | DIT 1941 |
| 100 ## - MAIN ENTRY--PERSONAL NAME | |
| Personal name | جمعه, محمد لطفي # # jamaeah muhamad lutfi |
| 9 (RLIN) | 4994 |
| 245 10 - TITLE STATEMENT | |
| Title | تاريخ فلاسفه الاسلام # # tarikh falasifih alaislam / |
| Statement of responsibility, etc. | muhamad lutfi jamaeah tarjamah ; mir wali aldiyn # # محمد لطفي جمعه ; ترجمه مير ولي الدين |
| 260 ## - PUBLICATION, DISTRIBUTION, ETC. (IMPRINT) | |
| Place of publication, distribution, etc. | Hydarabad : |
| Name of publisher, distributor, etc. | Dar al Taba, |
| Date of publication, distribution, etc. | 1941 |
| 300 ## - PHYSICAL DESCRIPTION | |
| Pagination | 440 p. ; |
| Size | 23 cm |
| 650 ## - SUBJECT ADDED ENTRY--TOPICAL TERM | |
| Topical term or geographic name as entry element | Phylosopher |
| Form subdivision | Islam |
| 9 (RLIN) | 4995 |
| 700 ## - ADDED ENTRY--PERSONAL NAME | |
| Personal name | Al-Din Mir Wali # # ترجمه الدين, مير ولي |
| 942 ## - ADDED ENTRY ELEMENTS (KOHA) | |
| Source of classification or shelving scheme | Dewey Decimal Classification |
| Koha item type | Books |
| Lost status | Source of classification or shelving scheme | Damaged status | Not for loan | Collection code | Permanent Location | Current Location | Shelving location | Date acquired | Total Checkouts | Full call number | Date last seen | Copy number | Koha item type |
|---|---|---|---|---|---|---|---|---|---|---|---|---|---|
| Dewey Decimal Classification | Not For Loan | Non-fiction | Central Library, University of Rajshahi | Central Library, University of Rajshahi | Reading Room | 26/09/2022 | U 181.092 DIT 1941 | 26/09/2022 | C-1 | Books |